| 000 | 01239cam a2200325u 4500 | ||
|---|---|---|---|
| 001 | 22772 | ||
| 003 | BD-RjUL | ||
| 005 | 20211209000841.0 | ||
| 008 | 140309t1935 enkbh 001 0aeng | ||
| 035 | _a(BD-RjUL)22837 | ||
| 040 |
_aDLC _cCarP _dDLC _dBD-RjUL _beng |
||
| 041 | _aeng | ||
| 082 | 0 | 4 |
_a826.7 _bWOE 1935 |
| 100 | 1 |
_aWordsworth, William, _d1770-1850. _970247 |
|
| 245 | 1 | 4 |
_aThe early letters of William and Dorothy Wordsworth (1787-1805) / _ceddited by Ernest De selincourt. |
| 260 |
_aOxford : _bThe Clarendon press, _c1935. |
||
| 300 |
_axviii, 578 p., 1 l. : _bfold. front., fold. map, fold. facsim. ; _c23 cm. |
||
| 504 | _aIncludes index. | ||
| 600 | 1 | 0 |
_aWordsworth, William, _d1770-1850 _970254 |
| 600 | 1 | 0 |
_aWordsworth, Dorothy, _d1771-1855 _970255 |
| 650 | 0 |
_aAuthors, English _y18th century _vCorrespondence. _970250 |
|
| 650 | 0 |
_aAuthors, English _y19th century _vCorrespondence. _965278 |
|
| 650 | 0 |
_aPoets, English _y18th century _vCorrespondence. _970251 |
|
| 650 | 0 |
_aPoets, English _y19th century _vCorrespondence. _963353 |
|
| 700 | 1 |
_aWordsworth, Dorothy, _d1771-1855. _970252 |
|
| 700 | 1 |
_aDe Selincourt, Ernest, _d1870-1943, _eed. _960571 |
|
| 942 |
_2ddc _cBK |
||
| 999 |
_c22772 _d22772 |
||